000 00481nam a2200169Ia 4500
999 _c26370
_d26370
003 OSt
005 20201230160736.0
008 190216s9999||||xx |||||||||||||| ||und||
040 _coclc
082 _a894.8121
_bKAV/K
100 _aKavitha Samithi
_97731
245 0 _aKavitha 1162 /
_cKavitha Samithi
260 _bNational Book Stall,
_c1987.
_aTrivandrum:
300 _a114p
650 _aKavithkal
942 _cBK
_2ddc
_h894.8121
_iKAV/K
_k894.8121
_mKAV/K